000
00300 a2200145 4500
003
Nust
005
20170207153527.0
040
_c
Nust
082
_a
297
100
_a
Ahmed, Ishtiaq
245
_a
Sebar Ka Badla
_c
Ishtiaq Ahmed
260
_a
Saudia Arabia
_b
Darus Slaam
300
_a
25;
650
_a
Islam
942
_2
ddc
_c
BK
999
_c
187834
_d
187834